000 00465nab a2200145Ia 4500
003 ES-SlBCS
005 20210601130755.0
008 140529s1994 xxu||||| |||| 00| 0 fre d
041 _afre
100 1 _aGabaude, Jean-Marc
_957161
245 0 0 _aPhilosophie de l'éducation et moralité publique
_c Jean-Marc Gabaude
650 0 4 _aMoralidad Pública-Educación
_9177112
773 0 _tPresença Filosofica
_gvol. 19, nº. 1-2, 1994, págs. 86-88
_wRev966
942 _cAR
999 _c552155
_d552155